| 000 | 00570nam a2200181 a 4500 | ||
|---|---|---|---|
| 005 | 20230524063802.0 | ||
| 008 | 991125s1965 fr 000 0 fre u | ||
| 035 | _aUPN01000037602 | ||
| 049 | _aCG | ||
| 050 | 4 |
_aLB1589 F7 _bF4.4 1965 |
|
| 100 | 1 |
_aFélix, Lucienne, _d1901-1994 _941801 |
|
| 245 | 1 | 0 |
_aMathématiques modernes : _benseignement elémentaire / _cLucienne Félix. |
| 250 | _a10a ed. | ||
| 260 |
_aParís : _bA. Blanchard, _c1965. |
||
| 300 |
_a120, 8 h. de láms. : _bil. |
||
| 650 | 4 |
_aMatemáticas _xEstudio y enseñanza (Elemental) _92809 |
|
| 905 | _aLibro | ||
| 999 |
_c37602 _d37602 |
||